| 000 | 01572nam a2200373 a 4500 | ||
|---|---|---|---|
| 001 | ebr10674793 | ||
| 003 | CaPaEBR | ||
| 006 | m o u | ||
| 007 | cr cn||||||||| | ||
| 008 | 150303s2013 enk sbi 001 0 eng d | ||
| 020 | _z9781118292068 | ||
| 020 | _z9781118291818 (emobi) | ||
| 020 | _z9781118291825 (epdf) | ||
| 020 | _z9781118291832 (epub) | ||
| 020 | _z9781118292365 (obook) | ||
| 040 |
_aCaPaEBR _cCaPaEBR |
||
| 035 | _a(OCoLC)847729058 | ||
| 050 | 1 | 4 |
_aNA2543.T43 _b.A69 2013eb |
| 082 | 0 | 4 |
_a720.72 _223 |
| 245 | 0 | 0 |
_aArchitectural technology _h[electronic resource] : _bresearch & practice / _cedited by Stephen Emmitt. |
| 260 |
_aChichester, West Sussex : _bWiley Blackwell, _cc2013. |
||
| 300 | _a1 online resource (xvi, 249 p.) | ||
| 504 | _aIncludes bibliographical references at the end of each chapters and index. | ||
| 533 |
_aElectronic reproduction. _bPalo Alto, Calif. : _cebrary, _d2015. _nAvailable via World Wide Web. _nAccess may be limited to ebrary affiliated libraries. |
||
| 588 | _aDescription based on online resource; title from title page (ebrary, viewed April 13, 2013). | ||
| 650 | 0 | _aArchitecture and technology. | |
| 650 | 0 |
_aArchitecture _xTechnological innovations. |
|
| 650 | 0 |
_aArchitecture _xResearch. |
|
| 655 | 7 |
_aElectronic books. _2local |
|
| 700 | 1 | _aEmmitt, Stephen. | |
| 710 | 2 | _aebrary, Inc. | |
| 710 | 2 | _aChartered Institute of Architectural Technologists. | |
| 856 | 4 | 0 |
_uhttp://site.ebrary.com/lib/rucke/Doc?id=10674793 _zAn electronic book accessible through the World Wide Web; click to view |
| 999 |
_c163660 _d163660 |
||